书目信息 |
| 题名: |
关系数据库dBASEⅢ在信息处理中的应用
|
|
| 作者: | 王国良等编著 | |
| 分册: | ||
| 出版信息: | 北京 兵器工业出版社 1991.08 |
|
| 页数: | 383页 | |
| 开本: | 16开 | |
| 丛书名: | ||
| 单 册: | ||
| 中图分类: | TP399 | |
| 科图分类: | ||
| 主题词: | 计算机应用 | |
| 电子资源: | ||
| ISBN: | 7-80038-337-7 | |
| 000 | 00633nam0 2200193 45 | |
| 001 | 9911301546 | |
| 005 | 19991130153306.0 | |
| 010 | @a7-80038-337-7@d15.10 | |
| 100 | @a19991130d1991 km y0chiy0120 ea | |
| 101 | @achi | |
| 105 | @a z 000yy | |
| 200 | 1 | @a关系数据库dBASEⅢ在信息处理中的应用@AGuan Xi Shu Ju Ku dBASEⅢZai Xin Xi Chu Li Zhong De Ying Yong@f王国良等编著@FWang Guo Liang Deng Bian Zhu |
| 210 | @a北京@c兵器工业出版社@d1991.08 | |
| 215 | @a383页@c无图表@d16开 | |
| 300 | @adBASEⅢ命令及功能简述等 | |
| 606 | 0 | @a计算机应用 |
| 690 | @aTP399@v3 | |
| 801 | @aCN@bPerfectUser@c19991130 | |
| 905 | @aBZT@b42230@f1@dTP399@e2 | |
| 关系数据库dBASEⅢ在信息处理中的应用/王国良等编著.-北京:兵器工业出版社,1991.08 |
| 383页:无图表;16开 |
| dBASEⅢ命令及功能简述等 |
| ISBN 7-80038-337-7:15.10 |
| ● |
| 相关链接 |
|
|
|
正题名:关系数据库dBASEⅢ在信息处理中的应用
索取号:TP399/2
 
预约/预借
| 序号 | 登录号 | 条形码 | 馆藏地/架位号 | 状态 | 备注 |
| 1 | 42230 | 200393216 | 中心书库中库/ 中库026架A面4列6层38/ [索取号:TP399/2] | 在馆 |